LEADER 02346nam0 2200445 i 450 001 IEI0113060 005 20251003044159.0 010 $a8815060324 020 $aIT$b98-244 100 $a19970722d1997 ||||0itac50 ba 101 | $aita 102 $ait 181 1$6z01$ai $bxxxe 182 1$6z01$an 200 1 $aˆIl ‰sistema urbano italiano nello spazio unificato europeo$fa cura di Giuseppe Dematteis e Piero Bonavero 210 $aBologna$cIl mulino$d[1997] 215 $a440 p.$d21 cm. 225 | $aStudi e ricerche$v393 314 $a1935- , docente di geografia urbana Univ. di Torino$9SBLV139220 410 0$1001CFI0001423$12001 $aStudi e ricerche$v393 606 $aCittà$xItalia$x1970-1990$2FIR$3CFIC059757$9I 606 $aCittà$xItalia$x1970-1990$2FIR$3CFIC059757$9I 676 $a307.3160945$9COMUNITA URBANE. STRUTTURA. Italia$v21 676 $a307.760945$9COMUNITA URBANE. Italia$v19 676 $a307.760945$9COMUNITA URBANE. Italia$v23 676 $a711.0945$9URBANISTICA (PIANIFICAZIONE TERRITORIALE). Italia$v21 676 $a711.4094$9PIANIFICAZIONE URBANA IN EUROPA$v20 702 1$aBonavero$b, Piero$3IEIV046610 702 1$aDematteis$b, Giuseppe$f <1935- >$3SBLV139220 790 1$aDe Matteis$b, Giuseppe$c $3SBNV072454$zDematteis, Giuseppe <1935- > 801 3$aIT$bIT-000000$c19970722 850 $aIT-BN0095 $aIT-SA0112 $aIT-NA0070 901 $bNAP BU$c15 A $nPropedeutica. Formato cm. 1-24. Arte.Paleontologia.Archeologia non classica.Pitt 901 $bNAP 84$cBIBLIOTECA$n$ 901 $bNAP 01$cPOZZO LIB.$nVi sono collocati fondi di economia, periodici di ingegneria e scienze, periodici di economia e statistica e altri fondi comprendenti documenti di economia pervenuti in dono. 912 $aIEI0113060 950 0$aBiblioteca Centralizzata di Ateneo$c1 v.$d 01POZZO LIB.DONI DEMM 510$e 01 0000093385E VMA 1 v. (Precedente collocazione: 2 C 280)$fB $h20221201$i20231117$c1 v.$d 01POZZO LIB.ECON MON 6035$e 0101 0700232015E VMA 1 v. (Precedente collocazione 23 EC 201)$fB $h20220525$i20220525 977 $a 01$a 84$a BU 996 $aSistema urbano italiano nello spazio unificato europeo$9198375 997 $aUNISANNIO